Podnikateľ ako zamestnávateľ versus „očkovací zákon“ - možnosti, zákazy, obmedzenia

Digitálny COVID preukaz Európskej únie. Právny základ ochrany zdravia vo vzťahu k prenosným ochoreniam. Povinné očkovanie ako zásah do práva na súkromný život. Zamestnávateľ a zamestnanec v kontexte „očkovacieho zákona“.

Enregistré dans:
Détails bibliographiques
Auteur principal: Kmeťová, Oľga, 1959-
Format: Chapitre de livre
Langue:slovaque
Sujets:
Tags: Ajouter un tag
Pas de tags, Soyez le premier à ajouter un tag!

MARC

LEADER 00000naa$a2200000$$$4500
001 0279949
005 20241125124008.0
041 0 |a slo 
044 |a SK 
245 1 0 |a Podnikateľ ako zamestnávateľ versus „očkovací zákon“ - možnosti, zákazy, obmedzenia  |c Oľga Kmeťová 
520 |a Digitálny COVID preukaz Európskej únie. Právny základ ochrany zdravia vo vzťahu k prenosným ochoreniam. Povinné očkovanie ako zásah do práva na súkromný život. Zamestnávateľ a zamestnanec v kontexte „očkovacieho zákona“. 
610 2 0 |a legislatíva 
610 2 0 |a koronavírus 
610 2 0 |a zamestnávatelia 
610 2 0 |a zamestnanci 
610 2 0 |a podnikatelia 
610 2 0 |a očkovanie 
100 1 |a Kmeťová, Oľga, 1959-